100 największych miast we Włoszech! - Statystyki

Ogólne statystyki
  • Ten quiz został rozwiązany 929 razy
    305 od ostatniego zresetowania
  • Średni wynik to 36 z 100
Statystyki odpowiedzi
Nr Miasta Regiony Ludność % Poprawnych
1 Rzym / Roma Lacjum 2 764 966
100%
2 Mediolan / Milano Lombardia 1 372 644
99%
3 Napoli / Neapol Kampania 917 709
98%
12 Wenecja /Venezia Wenecja Euganejska 254 948
98%
4 Turyn / Torino Piemont 851 153
97%
5 Palermo Sycylia 632 588
95%
8 Florencja / Firenze Toskania 367 531
92%
7 Bolonia / Bologna Emilia-Romania 392 304
88%
9 Bari Apulia 316 309
87%
6 Genua / Genova Liguria 561 055
85%
11 Werona / Verona Wenecja Euganejska 257 506
83%
10 Katania / Catania Sycylia 293 186
81%
35 Bergamo Lombardia 120 105
76%
55 Piza / Pisa Toskania 89 858
71%
27 Cagliari Sardynia 149 055
70%
18 Parma Emilia-Romania 196 576
69%
14 Padwa / Padova Wenecja Euganejska 208 881
67%
46 Udine Friuli-Wenecja Julijska 97 785
67%
16 Triest / Trieste Friuli-Wenecja Julijska 200 687
66%
33 Monza Lombardia 122 172
59%
17 Brescia Lombardia 197 307
58%
20 Modena Emilia-Romania 185 829
57%
61 Como Lombardia 83 697
56%
51 Lecce Apulia 95 273
56%
13 Mesyna /Messina Sycylia 220 656
56%
26 Rimini Emilia-Romania 150 008
56%
39 Siracusa / Syrakuzy Sycylia 116 558
55%
30 Salerno Kampania 128 421
53%
25 Livorno Toskania 154 364
51%
19 Tarent /Taranto Apulia 189 355
51%
23 Perugia Umbria 163 824
50%
29 Ferrara Emilia-Romania 131 069
47%
24 Rawenna / Ravenna Emilia-Romania 156 180
46%
45 Ancona Marche 98 785
43%
41 Bolzano Trydent-Górna Adyga 107 544
43%
28 Foggia Apulia 146 515
41%
36 Pescara Abruzja 118 971
41%
43 Piacenza Emilia-Romania 102 922
41%
40 Vicenza Wenecja Euganejska 110 909
41%
15 Prato Toskania 201 182
39%
21 Reggio di Calabria /Reggio Calabria Kalabria 172 105
39%
22 Reggio nell’Emilia / Reggio Emilia Emilia-Romania 169 485
39%
62 Brindisi Apulia 83 516
37%
34 Sassari Sardynia 121 758
35%
48 Arezzo Toskania 96 779
33%
49 Cesena Emilia-Romania 96 365
33%
60 Treviso Wenecja Euganejska 84 755
32%
79 Cremona Lombardia 71 343
30%
44 Novara Piemont 101 984
30%
97 Olbia Sardynia 60 577
30%
57 Lucca Toskania 89 256
29%
37 Trento Trydent-Górna Adyga 118 511
29%
82 Imola Emilia-Romania 70 203
26%
77 Carpi Emilia-Romania 72 511
25%
54 Alessandria Piemont 90 983
24%
89 Cosenza Kalabria 65 209
24%
53 La Spezia Liguria 92 289
24%
38 Forlì Emilia-Romania 116 947
23%
88 Potenza Basilicata 65 770
23%
65 Grosseto Toskania 81 575
22%
31 Latina Lacjum 127 370
22%
56 Pistoia Toskania 89 558
22%
91 Trapani Sycylia 64 805
22%
99 Matera Basilicata 60 286
21%
74 Caserta Kampania 73 614
20%
59 Catanzaro Kalabria 85 584
20%
42 Terni Umbria 107 501
20%
68 Varese Lombardia 79 712
17%
100 Viareggio Toskania 60 058
16%
81 Pavia Lombardia 70 964
15%
78 Ragusa Sycylia 71 358
15%
70 Fiumicino Lacjum 76 481
14%
67 Marsala Sycylia 80 045
14%
93 Vittoria Sycylia 62 574
13%
52 Barletta Apulia 92 519
12%
50 Pesaro Marche 95 939
12%
72 Asti Piemont 73 952
11%
83 L'Aquila Abruzja 69 918
11%
32 Giugliano in Campania Kampania 123 443
10%
87 Massa Toskania 66 579
10%
98 Carrara Toskania 60 407
9%
73 Casoria Kampania 73 943
9%
80 Gela Sycylia 71 343
9%
76 Aprilia Lacjum 73 474
8%
86 Lamezia Terme Kalabria 67 547
7%
85 Quartu Sant'Elena Sardynia 67 694
7%
90 Viterbo Lacjum 65 034
7%
84 Altamura Apulia 69 637
6%
69 Pozzuoli Kampania 78 442
6%
47 Andria Apulia 97 217
5%
95 Vigevano Lombardia 61 984
5%
63 Busto Arsizio Lombardia 83 008
4%
66 Sesto San Giovanni Lombardia 80 368
4%
64 Torre del Greco Kampania 81 799
3%
96 Pomezia Lacjum 61 391
2%
94 Afragola Kampania 62 374
1%
75 Cinisello Balsamo Lombardia 73 488
1%
71 Corigliano-Rossano Kalabria 74 765
1%
58 Guidonia Montecelio Lacjum 88 060
1%
92 Castellammare di Stabia Kampania 63 656
0%
Nie znaleziono quizów pasujących do podanych kryteriów
Rozkład punktacji
Procent ludzi z każdym wynikiem
Percentyl według liczby udzielonych odpowiedzi
Twoja historia wyników
Nie rozwiązałeś tego quizu od ostatniego zresetowania